| 000 | 02666nam0a2200457 4500 | ||
|---|---|---|---|
| 001 | RU\NLR\bibl\166692 | ||
| 005 | 20260408180406.0 | ||
| 010 |
_a5-7417-0141-8 _9700 |
||
| 021 |
_aRU _b2001-11051 _9520 |
||
| 035 | _a(NLR Aleph) 000163507 | ||
| 090 |
_a940881 _c940881 |
||
| 100 | _a20010521d2000 u y0rusy50 ca | ||
| 101 | 0 | _arus | |
| 102 | _aRU | ||
| 105 | _aa ||||||||| | ||
| 200 | 1 |
_aЧисленное моделирование динамики газов и плазмы методами частиц _eУчеб. пособие для вузов по направлению "Прикл. математика и физика" _fМ. Ф. Иванов, В. А. Гальбурт _gМ-во образования Рос. Федерации, Моск. физ.-техн. ин-т (гос. ун-т) |
|
| 210 |
_aМ. _cМФТИ _d2000 |
||
| 215 |
_a167 с. _cил. _d20 |
||
| 320 | _aБиблиогр.: с. 165-167 | ||
| 606 | 0 |
_aПлазма _jУчебные издания для высшей школы _xДинамика _xМатематическое моделирование _92210917 _3RU\NLR\auth\661328129 |
|
| 606 | 0 |
_aГидродинамика _jРуководства, пособия и т.п. для высшей школы _xЗадачи _xРешение _xЧисленные методы _91448254 _3RU\NLR\auth\66303322 |
|
| 606 | 0 |
_aГидродинамика _jУчебные издания для высшей школы _xЗадачи _xРешение _xЧисленные методы _91448254 _3RU\NLR\auth\66303322 |
|
| 606 |
_aПлазма (физ.) _xДинамика _xМатематическое моделирование _jРуководства, пособия и т.п. для высшей школы _3RU\NLR\auth\66897936 _91961515 |
||
| 610 | 0 | _aГазовая динамика - Численные методы | |
| 610 | 0 | _aГидродинамика - Численные методы | |
| 610 | 0 | _aПлазма (физ.) - Динамика - Численные методы | |
| 610 | 0 | _aМонте-Карло метод | |
| 675 |
_a533:519.6(075.8) _v3 _zrus |
||
| 686 |
_a30.17 _2rugasnti |
||
| 686 |
_a22.253.3я73 _2rubbk |
||
| 686 | _aВ253.33с115я73-1 | ||
| 686 | _aВ333.2я73-1 | ||
| 700 | 1 |
_4070 _8rus _7ca _aИванов _bМ.Ф. _f1945-2017 _cд-р физ.-мат. наук, теплофизика _gМихаил Федорович _3RU\NLR\AUTH\7727612 _910643 |
|
| 701 | 1 |
_aГальбурт _gВиктор Александрович _4070 |
|
| 801 | 0 |
_aRU _bRKP _c20010521 _gPSBO |
|
| 801 | 1 |
_aRU _bRKP _c20010521 |
|
| 801 | 2 |
_aRU _bNLR _c20050825 _grcr |
|
| 942 | _cBOOK | ||
| 980 | _aNB | ||